00703nam a2200193 a 450000100100000000500170001000800410002704000250006808200150009310000260010824500980013426000410023230000210027350000430029470000330033704900090037095201130037999900170049200003529120200930074232.0111027s1969 ag 000 0 spa d aDO-SdBNPbspacBNPHU axxxbM316h1 aMannheim, Karl96105713aEl hombre y la sociedad en la epoca de crisis /ckarl Mannheim; traducción Francisco Ayala. aBuenos Aires :bLa Pléyade,c1969. a207 p. ;c20 cm. aIncluye notas al pie de las páginas.1 aAyala, Franciscoctr.961058 aBNPD 001050718MOaGRbGRcCTd2011-10-27iLF1l0oxxx M316hp35291-10r2020-06-25w2020-06-25y1ZNo se presta c34782d34782